Монастирі та храми Волинського краю (Запис № 322742)

МАРК-запис
000 -Лідер
fixed length control field 00773nam a22002537a 4500
001 - Контрольний номер
control field 36501
003 - Ідентифікатор контрольного номера
control field UA-OsUOA
005 - Дата та час останнього входження (трансакції)
control field 20230217121852.0
007 - Фіксоване поле фізичного опису
fixed length control field ta
008 - Елементи даних фіксованої довжини – загальна інформація
fixed length control field 20060130b un ||||| |||| 00| 0 ukr d
020 ## - Міжнародний стандартний книжковий номер (ISBN)
Міжнародний стандартний книжковий номер (ISBN) (НП) 9665750720
040 ## - Джерело каталогізації
Агенція оригінальної каталогізації UA-OsUOA
Мова каталогізації ukr
Агенція, яка здійснювала перезапис UA-OsUOA
Агенція, яка здійснювала модифікацію UA-OsUOA
041 ## - Код мови
Код мови тексту/ звукової доріжки чи окремого заголовка (П) ukr
080 ## - Індекс Універсальної десяткової класифікації
Індекс Універсальної десяткової класифікації (УДК) (НП) 726.1(477.82)
090 ## - Локальний шифр розміщення
Класифікаційний індекс УДК 726.1(477.82)
Авторський знак (НП) Г59
100 ## - Основне введення – ім’я особи
Ім’я особи (НП) Годованюк О. М.
245 ## - Відомості про назву
Назва (НП) Монастирі та храми Волинського краю
Дані про відповідальність (НП) О. М. Годованюк
260 ## - Публікація, розповсюдження і т.п. (Вихідні дані)
Місце публікації, розповсюдження і т.п. (П) К.
Ім’я/ наймення видавництва, розповсюджувача і т.п. (П) Техніка
Дата публікації, розповсюдження і т.п. (П) 2004
300 ## - Фізичний опис
Обсяг 170 с.
Інші фізичні характеристики (НП) іл. ; Бібліогр.: С. 170–173
490 ## - Область серії
Назва серії Національні святині України
650 #7 - Додаткове предметне введення – тематичний термін
Тематичний термін чи географічна назва, як елемент введення (НП) 72 Архітектура
Джерело заголовка чи терміна UDC
942 ## - Додаткові елементи входу (Коха)
Тип елемента Koha Книги
Source of classification or shelving scheme Universal Decimal Classification
955 ## - Код типу видання за змістом
Код типу видання за змістом (НП) Навчальні видання
Фонди
Стан вилучень Стан втрат Джерело класифікації або схеми стелажів Стан уражень Не для кредиту Постійне місце розташування Поточне розміщення Дата придбання Джерело придбання Вартість, звичайна ціна покупки Інвентарний номер Усього замовленно Повний номер виклику Штрих-код Дата останнього перегляду Ціна ефективна від Тип елемента Koha
    Universal Decimal Classification     АБ - Абонемент НБ АБ - Абонемент НБ 04/05/2007 91/2007 13.96 104589   726.1(477.82) Г59 104589 29/12/2021 30/01/2006 Книги
    Universal Decimal Classification     ЧЗ - Читальна зала ЧЗ - Читальна зала 30/01/2006 10/2006 7.00 94463   726.1(477.82) Г59 94463 07/02/2022 30/01/2006 Книги
Withdrawn   Universal Decimal Classification     ЧЗ - Читальна зала ЧЗ - Читальна зала 30/01/2006 10/2006 7.00 94464   726.1(477.82) Г59 94464 13/07/2019 30/01/2006 Книги
    Universal Decimal Classification     ЧЗ - Читальна зала ЧЗ - Читальна зала 30/01/2006 10/2006 7.00 94465   726.1(477.82) Г59 94465 29/12/2021 30/01/2006 Книги
    Universal Decimal Classification     ЧЗ - Читальна зала ЧЗ - Читальна зала 30/01/2006 10/2006 7.00 94466   726.1(477.82) Г59 94466 29/12/2021 30/01/2006 Книги
    Universal Decimal Classification     ЧЗ - Читальна зала ЧЗ - Читальна зала 30/01/2006 10/2006 7.00 94467   726.1(477.82) Г59 94467 29/12/2021 30/01/2006 Книги